Подробности
| 000 -МАРКЕР |
| контрольное поле |
02198nam0a2200337 4500 |
| 001 - ИДЕНТИФИКАТОР ЗАПИСИ |
| контрольное поле |
RU\NLR\bibl\840507 |
| 005 - ИДЕНТИФИКАТОР ВЕРСИИ |
| контрольное поле |
20260407120411.0 |
| 021 ## - НОМЕР ГОСУДАРСТВЕННОЙ РЕГИСТРАЦИИ |
| Код страны |
Российская Федерация |
| Номер |
2005-50324 |
| Номер Листа государственной регистраци |
2451 |
| 035 ## - ДРУГИЕ СИСТЕМНЫЕ НОМЕРА |
| Идентификатор записи |
(NLR Aleph) 000829333 |
| 100 ## - ДАННЫЕ ОБЩЕЙ ОБРАБОТКИ |
| Данные общей обработки |
20050914d2005 |||y0rusy50 ca |
| 101 0# - ЯЗЫК РЕСУРСА |
| Язык текста, звукозаписи и т.д. |
русский |
| 102 ## - СТРАНА ПУБЛИКАЦИИ ИЛИ ПРОИЗВОДСТВА |
| Страна публикации |
Российская Федерация |
| 105 ## - ПОЛЕ КОДИРОВАННЫХ ДАННЫХ: ТЕКСТОВЫЕ МАТЕРИАЛЫ, МОНОГРАФИЧЕСКИЕ |
| Кодированные данные о монографическом текстовом документе |
a ||||||||| |
| 200 1# - ЗАГЛАВИЕ И СВЕДЕНИЯ ОБ ОТВЕТСТВЕННОСТИ |
| Основное заглавие |
Маги белые, серые, черные: кто они? |
| Сведения, относящиеся к заглавию |
сборник публикаций автора в докладах VII и VIII Международных конгрессов "БЭИТ-2004" и "БЭИТ-2005" |
| -- |
(информационно-справочное пособие) |
| Первые сведения об ответственности |
П.И. Госьков |
| Последующие сведения об ответственности |
М-во образования и науки Рос. Федерации, Алтай. гос. техн. ун-т им. И.И. Ползунова, Междунар. высш. шк. ДККЭЦ |
| 210 ## - ПУБЛИКАЦИЯ, РАСПРОСТРАНЕНИЕ И ДР. |
| Место издания, распространения и т.д. |
Москва |
| -- |
Барнаул |
| Имя издателя, распространителя и т. д. |
АлтГТУ |
| Дата издания, распространения и т.д. |
2005 |
| 215 ## - ФИЗИЧЕСКАЯ ХАРАКТЕРИСТИКА |
| Специфическое обозначение материала и объем |
85 с. |
| Другие сведения о физической характеристике |
ил. |
| Размеры |
21 |
| 300 ## - ОБЩИЕ ПРИМЕЧАНИЯ |
| Текст примечания |
На 2-й с. обл. авт.- д.энерго-информ.н., д.т.н., проф., акад. Рос. и Междунар. акад. |
| 320 ## - ПРИМЕЧАНИЯ О НАЛИЧИИ В ДОКУМЕНТЕ БИБЛИОГРАФИИ / УКАЗАТЕЛЯ |
| Текст примечания |
Библиогр.: с. 84-85 (8 назв.) |
| 606 1# - НАИМЕНОВАНИЕ ТЕМЫ КАК ПРЕДМЕТ |
| Наименование темы |
Магия |
| Системный номер авторитетной/нормативной записи |
1615580 |
| Идентификатор авторитетной/нормативной записи |
RU\NLR\auth\66712354 |
| 606 1# - НАИМЕНОВАНИЕ ТЕМЫ КАК ПРЕДМЕТ |
| Наименование темы |
Психоэнергетика |
| Системный номер авторитетной/нормативной записи |
2099156 |
| Идентификатор авторитетной/нормативной записи |
RU\NLR\auth\661269768 |
| 686 ## - ИНДЕКСЫ ДРУГИХ КЛАССИФИКАЦИЙ |
| Индекс |
Э240.03 |
| 686 ## - ИНДЕКСЫ ДРУГИХ КЛАССИФИКАЦИЙ |
| Индекс |
Ю96 |
| 700 #1 - ИМЯ ЛИЦА - ПЕРВИЧНАЯ ОТВЕТСТВЕННОСТЬ |
| Начальный элемент ввода |
Госьков |
| Часть имени, кроме начального элемента ввода |
П. И. |
| Расширение инициалов личного имени |
Павел Иннокентьевич |
| Код отношения |
Автор |
| 711 12 - НАИМЕНОВАНИЕ ОРГАНИЗАЦИИ - АЛЬТЕРНАТИВНАЯ ОТВЕТСТВЕННОСТЬ |
| Код отношения |
Автор |
| Начальный элемент ввода |
"Некомпьютерные информационные технологии (биоинформационные, энергоинформационные и др.)", международный научный конгресс |
| Порядковый номер временной организации и / или порядковый номер ее части |
7 |
| Дата проведения временной организации |
2004 |
| Место проведения временной организации |
Барнаул |
| Идентификатор авторитетной/нормативной записи |
RU\NLR\AUTH\8810056811 |
| Системный номер авторитетной/нормативной записи |
614499 |
| 711 12 - НАИМЕНОВАНИЕ ОРГАНИЗАЦИИ - АЛЬТЕРНАТИВНАЯ ОТВЕТСТВЕННОСТЬ |
| Код отношения |
Автор |
| Начальный элемент ввода |
"Биоинформационные и энергоинформационные технологии в производственной, в социальной и в духовной сферах", международный научный конгресс |
| Порядковый номер временной организации и / или порядковый номер ее части |
8 |
| Дата проведения временной организации |
2005 |
| Место проведения временной организации |
Барнаул |
| Идентификатор авторитетной/нормативной записи |
RU\NLR\AUTH\8810068878 |
| Системный номер авторитетной/нормативной записи |
639374 |
| 801 #0 - ИСТОЧНИК ЗАПИСИ |
| Страна |
Российская Федерация |
| Организация |
NLR |
| Дата составления |
20050914 |
| Правила каталогизации |
rcr |
| 801 #1 - ИСТОЧНИК ЗАПИСИ |
| Страна |
Российская Федерация |
| Организация |
NLR |
| Дата составления |
20050914 |
| 942 ## - ДОПОЛНИТЕЛЬНЫЕ ЭЛЕМЕНТЫ ЗАПИСИ (АБИС) |
| Тип экземпляра АБИС |
Книга |
| 980 ## - КОЛЛЕКЦИЯ |
| Название коллекции |
Национальная библиография |